000 00459nam a22001817a 4500
003 MPLRDC
005 20220104181313.0
008 210129b ||||| |||| 00| 0 eng d
082 _a524.953 ZAID-2 1992
100 _aHJ. ILIAS HJ. ZAIDI
245 _aBAHASA MELAYU STPM KERTAS 2, BAHAGIAN 1
_c
250 _a初版
260 _a
_bELMAN
_c1992
300 _b
490 _aKURSUS LENGKAP
650 _a自修用书
942 _cBK
_o524.953 ZAID-2 1992
999 _c61371
_d61361